shahr e ilm ke darwaze par/ شہر علم کے دروازے پر (Record no. 590784)
[ view plain ]
| 000 -LEADER | |
|---|---|
| fixed length control field | 00460nam a22001457a 4500 |
| 020 ## - INTERNATIONAL STANDARD BOOK NUMBER | |
| Canceled/invalid ISBN | 978-969-662-192-8 |
| 082 ## - DEWEY DECIMAL CLASSIFICATION NUMBER | |
| Classification number | 891.4391 IFT |
| 100 ## - MAIN ENTRY--PERSONAL NAME | |
| Personal name | Iftkhar Arif |
| 245 ## - TITLE STATEMENT | |
| Title | shahr e ilm ke darwaze par/ شہر علم کے دروازے پر |
| Statement of responsibility, etc. | Iftkhar Arif & Editing by Ashfaq Hussain |
| Medium | Urdu |
| 260 ## - PUBLICATION, DISTRIBUTION, ETC. | |
| Place of publication, distribution, etc. | Jhelum |
| Name of publisher, distributor, etc. | Jhelum Book Corner, |
| Date of publication, distribution, etc. | 2019. |
| 300 ## - PHYSICAL DESCRIPTION | |
| Extent | 216,p |
| Other physical details | HB |
| Dimensions | 22,cm |
| 563 ## - BINDING INFORMATION | |
| Binding note | HB |
| 650 ## - SUBJECT ADDED ENTRY--TOPICAL TERM | |
| Topical term or geographic name entry element | Islam - Poetry & Urdu |
| 942 ## - ADDED ENTRY ELEMENTS (KOHA) | |
| Source of classification or shelving scheme | |
| Koha item type | Book |
| 650 ## - SUBJECT ADDED ENTRY--TOPICAL TERM | |
| -- | 96552 |
| Withdrawn status | Lost status | Source of classification or shelving scheme | Damaged status | Not for loan | Permanent Location | Current Location | Shelving location | Date acquired | Source of acquisition | Total Checkouts | Full call number | Barcode | Date last seen | Date last checked out | Price effective from | Koha item type |
|---|---|---|---|---|---|---|---|---|---|---|---|---|---|---|---|---|
| Central Library (CL) | Central Library (CL) | Urdu Literature | 08/04/2022 | Received from Rector Secretariat | 4 | 891.4391 IFT | CL-D-1831 | 03/10/2026 | 03/09/2026 | 08/05/2022 | Book |
